NBA Teams on a Map - Statistics

General Stats
  • This quiz has been taken 290 times
    270 since last reset
  • The average score is 25 of 30
Answers on the Map
Answers color-coded by a green-red scale on the quiz's map according to % correct below.
 
Answer Stats
Answer % Correct
Los Angeles Lakers
94%
Golden State Warriors
91%
Miami Heat
91%
Boston Celtics
89%
Utah Jazz
89%
Brooklyn Nets
88%
Denver Nuggets
88%
New York Knicks
88%
Toronto Raptors
88%
Chicago Bulls
87%
San Antonio Spurs
87%
Los Angeles Clippers
85%
Oklahoma City Thunder
85%
Charlotte Hornets
84%
Houston Rockets
84%
Sacramento Kings
84%
Dallas Mavericks
83%
Phoenix Suns
83%
Orlando Magic
82%
Portland Trail Blazers
82%
Milwaukee Bucks
81%
Atlanta Hawks
80%
Cleveland Cavaliers
80%
Detroit Pistons
80%
Minnesota Timberwolves
80%
New Orleans Pelicans
80%
Memphis Grizzlies
79%
Washington Wizards
79%
Indiana Pacers
78%
Philadelphia 76ers
78%
No matching quizzes found
Score Distribution
Percent of People with Each Score
Percentile by Number Answered
Your Score History
You have not taken this quiz since the last reset